书目信息 |
| 题名: |
共产国际与中国革命关系史略
|
|
| 作者: | 张先智 , 朱铃 主编 ;西南交通大学与中国革命关系研究室 编写 | |
| 分册: | ||
| 出版信息: | 峨眉 西南交通大学出版社 1988.3 |
|
| 页数: | 259页 | |
| 开本: | 19厘米 | |
| 丛书名: | ||
| 单 册: | ||
| 中图分类: | D231 | |
| 科图分类: | ||
| 主题词: | 共产国际-关系-新民主主义革命-中国 , 新民主主义革命-中国-关系-共产国际 | |
| 电子资源: | ||
| ISBN: | 7-81022-021-7 | |
| 000 | 01043nam0 2200265 45 | |
| 001 | 0188011463 | |
| 005 | 20060727091356.75 | |
| 010 | @a7-81022-021-7@dCNY1.40 | |
| 020 | @aCN@b88011463 | |
| 100 | @a19910415d1988 m y0chiy0120 ea | |
| 101 | 0 | @achi |
| 102 | @aCN@b510000 | |
| 105 | @ay z 000yy | |
| 200 | 10 | @a共产国际与中国革命关系史略@Agong chan guo ji yu zhong guo ge ming guan xi shi lue@f朱 铃,张先智主编@Fzhu ling , zhang xian zhi zhu bian@g西南交通大学与中国革命关系研究室编写 |
| 210 | @a峨眉@c西南交通大学出版社@d1988.3 | |
| 215 | @a259页@d19厘米 | |
| 540 | 1 | @a共产国际与中国革命关系史略@Agong chan guo ji yu zhong guo ge ming guan xi shi lue |
| 606 | @a共产国际-关系-新民主主义革命-中国 | |
| 606 | @a新民主主义革命-中国-关系-共产国际 | |
| 690 | @aD231@v1980 | |
| 701 | 0 | @a张先智@Azhang xian zhi@4主编 |
| 701 | 0 | @a朱铃@Azhu ling@4主编 |
| 711 | 02 | @a西南交通大学与中国革命关系研究室@Axi nan jiao tong da xue yu zhong guo ge ming guan xi yan jiu shi@4编写 |
| 801 | 0 | @aCN@bTSSF@c20060727 |
| 905 | @a10447@dD231@e154 | |
| 共产国际与中国革命关系史略/朱 铃,张先智主编/西南交通大学与中国革命关系研究室编写.-峨眉:西南交通大学出版社,1988.3 |
| 259页;19厘米 |
| ISBN 7-81022-021-7:CNY1.40 |
| ● |
| 相关链接 |
|
|
|
|
正题名:共产国际与中国革命关系史略
索取号:D231/154
 
预约/预借
| 序号 | 登录号 | 条形码 | 馆藏地/架位号 | 状态 | 备注 |
| 1 | 0439889 | 204398892 | 密集书库/ [索取号:D231/154] | 在馆 |